[Event "32. Copenhagen Open (Politiken Cup)"]
[Site "Elsinore"]
[Date "2010.08.06"]
[Round "8"]
[White "Bratteteig, Tore Inge"]
[Black "Solli, Oddvar"]
[Result "0-1"]
[WhiteElo "1671"]
[BlackElo "1914"]
[PlyCount "135"]
[EventDate "2010.07.31"]
[EventType "swiss"]
[EventRounds "10"]
[EventCountry "DEN"]
[Source "ChessBase"]
[SourceDate "2010.09.01"]

1. d4 Nf6 2. c4 g6 3. Nf3 Bg7 4. Nc3 d5 5. cxd5 Nxd5 6. e4 Nxc3 7. bxc3 c5 8.
Be3 O-O 9. Qd2 Qa5 10. Bc4 Nc6 11. Rd1 Bg4 12. Be2 Rfd8 13. O-O cxd4 14. cxd4
Qxd2 15. Rxd2 Bxf3 16. Bxf3 Nxd4 17. Bg4 h5 18. Bh3 Rd6 19. Kh1 Nb5 20. Rfd1
Rad8 21. Rxd6 Rxd6 22. Rxd6 Nxd6 23. f3 b6 24. Bd7 Kf8 25. a4 Nc4 26. Bf2 e6
27. Kg1 Ke7 28. Bb5 Nd6 29. Bd3 Kd7 30. Kf1 Bc3 31. Ke2 Bb4 32. Kd1 Kc6 33. Kc2
Bc5 34. Be1 Bd4 35. Kb3 Nb7 36. Bb5+ Kd6 37. Kc4 Be5 38. h3 Kc7 39. Kb3 a6 40.
Be2 Nc5+ 41. Ka3 Bf4 42. Kb4 Bd6 43. Kc4 Nxa4 44. Kd4 b5 45. e5 Ba3 46. f4 Bb2+
47. Kd3 Bc1 48. Ke4 Kc6 49. g4 hxg4 50. hxg4 Nc5+ 51. Kf3 Nb3 52. Ke4 a5 53.
Bd1 Nc5+ 54. Kf3 a4 55. Bc3 a3 56. Bc2 Kd5 57. Bb1 Kc4 58. Ba1 b4 59. f5 gxf5
60. gxf5 b3 61. fxe6 fxe6 62. Kg4 b2 63. Bxb2 axb2 64. Kf3 Kd4 65. Kf2 Kxe5 66.
Kf3 Kd4 67. Ke2 Na4 68. Kd1 0-1

[Event "32. Copenhagen Open (Politiken Cup)"]
[Site "Elsinore"]
[Date "2010.08.06"]
[Round "8"]
[White "Brauener, Jonathan"]
[Black "Nielsen, Jan Mose"]
[Result "1/2-1/2"]
[WhiteElo "1885"]
[BlackElo "2120"]
[PlyCount "69"]
[EventDate "2010.07.31"]
[EventType "swiss"]
[EventRounds "10"]
[EventCountry "DEN"]
[Source "ChessBase"]
[SourceDate "2010.09.01"]

1. c4 e5 2. g3 Nc6 3. Bg2 f5 4. Nc3 Nf6 5. d3 Bc5 6. e3 O-O 7. Nge2 Qe8 8. O-O
d6 9. a3 a5 10. b3 Ba7 11. d4 Ne7 12. Bb2 c6 13. dxe5 dxe5 14. Na4 Ng6 15. Qd2
Be6 16. Rac1 Ne4 17. Qc2 Nc5 18. Nxc5 Bxc5 19. Rcd1 Qe7 20. Qc1 f4 21. exf4
exf4 22. Nxf4 Nxf4 23. gxf4 Qh4 24. Qc3 Qh6 25. Qe5 Rf5 26. Qc3 Raf8 27. Rfe1
Bc8 28. b4 axb4 29. axb4 Bb6 30. c5 Bd8 31. Rd6 Bf6 32. Qc4+ Kh8 33. Bxf6 R5xf6
34. Rxf6 Qxf6 35. Qe4 1/2-1/2

[Event "32. Copenhagen Open (Politiken Cup)"]
[Site "Elsinore"]
[Date "2010.08.06"]
[Round "8"]
[White "Brunello, Sabino"]
[Black "Jorgensen, Dennis"]
[Result "1/2-1/2"]
[WhiteElo "2488"]
[BlackElo "2216"]
[PlyCount "79"]
[EventDate "2010.07.31"]
[EventType "swiss"]
[EventRounds "10"]
[EventCountry "DEN"]
[Source "ChessBase"]
[SourceDate "2010.09.01"]

1. d4 d5 2. c4 c6 3. e3 Nf6 4. Nc3 g6 5. Nf3 Bg7 6. b4 O-O 7. Bb2 Bg4 8. Qb3
Bxf3 9. gxf3 e6 10. a4 Nbd7 11. f4 dxc4 12. Bxc4 Nb6 13. Be2 Nbd5 14. Bf3 Nxc3
15. Bxc3 Nd5 16. Bd2 Qh4 17. Ke2 Rfd8 18. Rac1 Rd7 19. b5 cxb5 20. Qxb5 Rad8
21. Rc2 Ne7 22. Bxb7 Nf5 23. Rc8 Rxd4 24. Rxd8+ Rxd8 25. Bf3 Bf6 26. a5 Kg7 27.
Qb3 Qxf4 28. Bc3 Qh4 29. a6 Rc8 30. Bxf6+ Qxf6 31. Rd1 Rc7 32. Be4 Qe5 33. Qb4
Qxh2 34. Rd8 Ne7 35. Rb8 Qh5+ 36. Bf3 Qf5 37. Be4 Qh5+ 38. Bf3 Qf5 39. Be4 Qh5+
40. Bf3 1/2-1/2

[Event "32. Copenhagen Open (Politiken Cup)"]
[Site "Elsinore"]
[Date "2010.08.06"]
[Round "8"]
[White "Brynell, Stellan"]
[Black "Macieja, Bartlomiej"]
[Result "0-1"]
[WhiteElo "2495"]
[BlackElo "2639"]
[PlyCount "92"]
[EventDate "2010.07.31"]
[EventType "swiss"]
[EventRounds "10"]
[EventCountry "DEN"]
[Source "ChessBase"]
[SourceDate "2010.09.01"]

1. d4 Nf6 2. c4 e6 3. Nf3 d5 4. Nc3 dxc4 5. e4 Bb4 6. Bxc4 Nxe4 7. O-O Nxc3 8.
bxc3 Be7 9. Ne5 O-O 10. Qg4 Nc6 11. Bh6 Bf6 12. Rad1 Ne7 13. Rfe1 c5 14. Rd3
cxd4 15. cxd4 b5 16. Bb3 Bb7 17. Rh3 Nf5 18. Be3 g6 19. Nxf7 Rxf7 20. Bxe6 Bg7
21. Bg5 Qe8 22. Bd2 Nxd4 23. Qh4 h5 24. Bxf7+ Qxf7 25. Re7 Qd5 26. Qg5 Nf5 27.
Re1 Kh7 28. f3 Rd8 29. Ba5 Qd4+ 30. Kh1 Rd5 31. Qc1 Qc4 32. Qb1 Qd3 33. Qc1 Qc4
34. Qb1 Qa4 35. Bc7 Rc5 36. Bb8 a6 37. Ba7 Rc2 38. a3 Qc4 39. Qd1 Ra2 40. Qd7
Qc2 41. Rg1 Bc6 42. Qe6 Rxa3 43. Rf1 Ra2 44. Rg1 b4 45. Bb8 b3 46. g4 Ng3+ 0-1

[Event "32. Copenhagen Open (Politiken Cup)"]
[Site "Elsinore"]
[Date "2010.08.06"]
[Round "8"]
[White "Bulski, Krzysztof"]
[Black "Kovchan, Alexander"]
[Result "1-0"]
[WhiteElo "2434"]
[BlackElo "2571"]
[PlyCount "119"]
[EventDate "2010.07.31"]
[EventType "swiss"]
[EventRounds "10"]
[EventCountry "DEN"]
[Source "ChessBase"]
[SourceDate "2010.09.01"]

1. e4 c5 2. Nf3 d6 3. d4 cxd4 4. Nxd4 Nf6 5. Nc3 a6 6. Bg5 Nbd7 7. Bc4 h6 8.
Bh4 e6 9. Qe2 b5 10. Bxe6 fxe6 11. Nxe6 Qa5 12. O-O-O Kf7 13. Nxf8 Rxf8 14.
Rxd6 Kg8 15. Rhd1 Ne5 16. Bxf6 Rxf6 17. Qh5 Rxd6 18. Qe8+ Kh7 19. Rxd6 Nc4 20.
Qg6+ Kh8 21. Qe8+ Kh7 22. Rd8 Qb4 23. Qg8+ Kg6 24. Rxc8 Qxb2+ 25. Kd1 Rxc8 26.
Qxc8 Kh7 27. Qf5+ Kh8 28. Qf8+ Kh7 29. Qf3 Kg8 30. Qd3 Qa1+ 31. Ke2 Qg1 32. g3
Qc1 33. a4 Qb2 34. axb5 axb5 35. Nd1 Qc1 36. h4 Kh8 37. Qd8+ Kh7 38. Qd3 Ne5
39. Qd2 Qb1 40. Qc3 Nc4 41. Ne3 Nxe3 42. Kxe3 b4 43. Qd3 Qe1+ 44. Kf3 g6 45.
Kg2 h5 46. Qd7+ Kh6 47. Qd4 Kh7 48. e5 Qe2 49. Qxb4 Qxe5 50. Qb7+ Kh6 51. c4
Qc3 52. Qf7 Qc2 53. Qd5 Kg7 54. c5 Kh7 55. c6 Kh6 56. Qg5+ Kg7 57. Qe7+ Kh6 58.
c7 Qc6+ 59. Kh2 Qa8 60. Qd8 1-0

[Event "32. Copenhagen Open (Politiken Cup)"]
[Site "Elsinore"]
[Date "2010.08.06"]
[Round "8"]
[White "Carlstedt, Jonathan"]
[Black "Ochsner, Bjorn Moller"]
[Result "1/2-1/2"]
[WhiteElo "2379"]
[BlackElo "2165"]
[PlyCount "129"]
[EventDate "2010.07.31"]
[EventType "swiss"]
[EventRounds "10"]
[EventCountry "DEN"]
[Source "ChessBase"]
[SourceDate "2010.09.01"]

1. c4 e5 2. g3 Nf6 3. Bg2 Nc6 4. Nc3 Bc5 5. a3 a6 6. e3 O-O 7. Nge2 d6 8. d4
Ba7 9. h3 h6 10. O-O Ne7 11. b4 c6 12. Bb2 Be6 13. Qd3 Qd7 14. Kh2 e4 15. Nxe4
Nxe4 16. Qxe4 Bxc4 17. Qc2 d5 18. Rfe1 Qf5 19. Qxf5 Nxf5 20. Nc3 Rfe8 21. a4
Nd6 22. Ra3 Bb8 23. Rc1 f5 24. Kg1 Ne4 25. Nxe4 fxe4 26. Bf1 Bxf1 27. Kxf1 Rf8
28. Kg2 Bd6 29. Rb3 Rfc8 30. Ba3 Kf7 31. f3 exf3+ 32. Kxf3 Ke6 33. Ke2 h5 34.
Rg1 Rf8 35. Bc1 Rf6 36. Bd2 Raf8 37. Be1 Rf3 38. h4 R3f6 39. g4 Rg6 40. g5 Kd7
41. b5 axb5 42. axb5 c5 43. dxc5 Bxc5 44. Rd3 Rd6 45. Bg3 Rf5 46. Bxd6 Bxd6 47.
Rgd1 Ke6 48. e4 Re5 49. Rxd5 Rxe4+ 50. Kf3 Rf4+ 51. Ke3 Be5 52. Rd7 Rxh4 53.
Rxb7 Rg4 54. Rb1 Rxg5 55. Ra7 h4 56. b6 h3 57. b7 h2 58. Raa1 Kd7 59. Kf2 Bb8
60. Ra2 Kc7 61. Rc1+ Kxb7 62. Rb2+ Ka8 63. Rh1 Ba7+ 64. Kf3 Bg1 65. Rbxh2
1/2-1/2

[Event "32. Copenhagen Open (Politiken Cup)"]
[Site "Elsinore"]
[Date "2010.08.06"]
[Round "8"]
[White "Christensen, Bo Garner"]
[Black "Tozaki, Halil"]
[Result "1-0"]
[WhiteElo "2288"]
[BlackElo "2030"]
[PlyCount "95"]
[EventDate "2010.07.31"]
[EventType "swiss"]
[EventRounds "10"]
[EventCountry "DEN"]
[Source "ChessBase"]
[SourceDate "2010.09.01"]

1. e4 c5 2. Nf3 e6 3. b4 cxb4 4. a3 Nc6 5. axb4 Bxb4 6. c3 Be7 7. d4 d5 8. e5
h5 9. h3 h4 10. Bd3 Nh6 11. Nbd2 g6 12. Nf1 Kf8 13. g3 hxg3 14. fxg3 Nf5 15.
Ra2 Na5 16. h4 Qc7 17. h5 Qxc3+ 18. Bd2 Qxd3 19. Bh6+ Rxh6 20. Qxd3 Nc4 21. g4
Ng7 22. Ng3 g5 23. O-O Bd7 24. Raf2 Bb5 25. Nxg5 Nd6 26. exd6 Bxd3 27. Rxf7+
Kg8 28. Rxg7+ Kxg7 29. Rf7+ Kg8 30. Rxe7 Rd8 31. Nf7 Rxd6 32. Nxd6 Rf6 33. g5
Rf4 34. Rxe6 Rxd4 35. Re8+ Kh7 36. Re7+ Kg8 37. g6 Rg4 38. Kf2 Bxg6 39. hxg6
Rxg6 40. Ngf5 b5 41. Rxa7 Rf6 42. Ke3 b4 43. Rb7 b3 44. Rxb3 Kh7 45. Rb7+ Kg6
46. Rg7+ Kh5 47. Kf4 Rxf5+ 48. Nxf5 1-0

[Event "32. Copenhagen Open (Politiken Cup)"]
[Site "Elsinore"]
[Date "2010.08.06"]
[Round "8"]
[White "Christensen, Klaus"]
[Black "Roelvaag, Mikael"]
[Result "1/2-1/2"]
[WhiteElo "2009"]
[BlackElo "2187"]
[PlyCount "51"]
[EventDate "2010.07.31"]
[EventType "swiss"]
[EventRounds "10"]
[EventCountry "DEN"]
[Source "ChessBase"]
[SourceDate "2010.09.01"]

1. d4 Nf6 2. c4 e6 3. Nf3 d5 4. g3 dxc4 5. Bg2 Nc6 6. Qa4 Bb4+ 7. Bd2 Nd5 8. a3
Nb6 9. Qc2 Be7 10. Bc3 O-O 11. Nbd2 Bd7 12. h4 Qe8 13. Ng5 g6 14. e3 f6 15.
Ngf3 Nd8 16. Bf1 Nd5 17. Bxc4 Rc8 18. b4 Nxc3 19. Qxc3 Bd6 20. Ne4 Bc6 21. Bd3
Qe7 22. O-O a6 23. Nfd2 Kg7 24. Rac1 e5 25. Nxd6 cxd6 26. d5 1/2-1/2

[Event "32. Copenhagen Open (Politiken Cup)"]
[Site "Elsinore"]
[Date "2010.08.06"]
[Round "8"]
[White "Danielsen, Henrik"]
[Black "Aabling Thomsen, Jakob"]
[Result "1/2-1/2"]
[WhiteElo "2512"]
[BlackElo "2314"]
[PlyCount "40"]
[EventDate "2010.07.31"]
[EventType "swiss"]
[EventRounds "10"]
[EventCountry "DEN"]
[Source "ChessBase"]
[SourceDate "2010.09.01"]

1. g3 e5 2. c4 Nf6 3. Bg2 Nc6 4. Nc3 Bb4 5. d3 O-O 6. Bd2 a5 7. Nf3 Re8 8. O-O
h6 9. Rc1 d6 10. Nd5 Bc5 11. Bc3 Nxd5 12. cxd5 Nb4 13. Bxb4 axb4 14. Qb3 Bd7
15. e3 Ra5 16. Rfe1 Ba4 17. Qc4 Bb5 18. Qb3 Ba4 19. Qc4 Bb5 20. Qb3 Ba4 1/2-1/2

[Event "32. Copenhagen Open (Politiken Cup)"]
[Site "Elsinore"]
[Date "2010.08.06"]
[Round "8"]
[White "Eisele, Per"]
[Black "Stojanovski, Sandi"]
[Result "0-1"]
[WhiteElo "1804"]
[BlackElo "2208"]
[PlyCount "120"]
[EventDate "2010.07.31"]
[EventType "swiss"]
[EventRounds "10"]
[EventCountry "DEN"]
[Source "ChessBase"]
[SourceDate "2010.09.01"]

1. Nc3 c5 2. Nf3 Nc6 3. d4 cxd4 4. Nxd4 Nf6 5. Bg5 a6 6. e3 e6 7. Bxf6 Qxf6 8.
Ne4 Qe5 9. Nxc6 bxc6 10. Qd4 Qxd4 11. exd4 f5 12. Nc5 d6 13. Nd3 Bd7 14. Be2
Be7 15. Bf3 a5 16. O-O Kf7 17. Rfe1 Rab8 18. Re2 Bf6 19. c3 Rb6 20. Rae1 g6 21.
b3 Re8 22. Nb2 Be7 23. Nc4 Ra6 24. Rd2 Bf8 25. Be2 Ra7 26. Nb6 Bc8 27. Nxc8
Rxc8 28. Bf3 d5 29. Rde2 Re8 30. h4 Bd6 31. g3 Ree7 32. Kg2 Kf6 33. c4 Bb4 34.
Ra1 a4 35. bxa4 Rxa4 36. cxd5 cxd5 37. Rc1 Ra6 38. Rec2 Rea7 39. Rc6 Rxc6 40.
Rxc6 Ke7 41. Rc2 Kd6 42. Be2 Ra3 43. Rb2 Bc3 44. Rb6+ Ke7 45. Rb7+ Kf6 46. Rxh7
Rxa2 47. Kf1 Bxd4 48. h5 gxh5 49. Rxh5 Ba7 50. Rh6+ Ke5 51. f4+ Kd6 52. Rh7 Be3
53. Bb5 Rf2+ 54. Ke1 Rg2 55. Rh3 Bf2+ 56. Ke2 Rxg3 57. Rh7 Be3 58. Rd7+ Kc5 59.
Bd3 Bxf4 60. Re7 Re3+ 0-1

[Event "32. Copenhagen Open (Politiken Cup)"]
[Site "Elsinore"]
[Date "2010.08.06"]
[Round "8"]
[White "Eklund, Joel"]
[Black "Nielsen, Rogvi Egilstoft"]
[Result "1-0"]
[WhiteElo "2192"]
[BlackElo "2062"]
[PlyCount "79"]
[EventDate "2010.07.31"]
[EventType "swiss"]
[EventRounds "10"]
[EventCountry "DEN"]
[Source "ChessBase"]
[SourceDate "2010.09.01"]

1. d4 e6 2. e4 d5 3. e5 c5 4. c3 Nc6 5. Nf3 Qb6 6. a3 Bd7 7. b4 cxd4 8. cxd4
Rc8 9. Bb2 f6 10. Nc3 fxe5 11. Na4 Qc7 12. dxe5 Nxb4 13. axb4 Bxb4+ 14. Nd2 b5
15. Bd3 bxa4 16. O-O Bxd2 17. Qxd2 Qd8 18. Ba3 Ne7 19. Qg5 Nf5 20. Qg4 g6 21.
Bxf5 exf5 22. Qd4 Be6 23. Rab1 Qd7 24. Bd6 g5 25. Rfc1 Kf7 26. Qd1 Kg6 27. h4
h6 28. Qe2 Rxc1+ 29. Rxc1 Rc8 30. Rb1 Qc6 31. h5+ Kf7 32. Qe3 Qa6 33. Qa3 d4
34. Rb4 d3 35. Rxa4 Qxa4 36. Qxa4 d2 37. Kh2 Rc1 38. Qxa7+ Kg8 39. Qa8+ Rc8 40.
Qa4 1-0

[Event "32. Copenhagen Open (Politiken Cup)"]
[Site "Elsinore"]
[Date "2010.08.06"]
[Round "8"]
[White "Greeuw, Sietske"]
[Black "Christensen, Christoffer Ellegaa"]
[Result "1/2-1/2"]
[WhiteElo "1970"]
[BlackElo "1771"]
[PlyCount "146"]
[EventDate "2010.07.31"]
[EventType "swiss"]
[EventRounds "10"]
[EventCountry "DEN"]
[Source "ChessBase"]
[SourceDate "2010.09.01"]

1. d4 d5 2. Bg5 Bf5 3. e3 Nd7 4. c4 c6 5. Nc3 Ngf6 6. Bd3 Bg6 7. Nf3 e6 8. O-O
Be7 9. b3 Ne4 10. Bxe7 Qxe7 11. Ne2 f5 12. Nd2 Bf7 13. f3 Nxd2 14. Qxd2 Nf6 15.
Nc3 Bg6 16. Rae1 O-O 17. Qc2 Qd7 18. g4 fxg4 19. Bxg6 hxg6 20. Qxg6 gxf3 21.
Rxf3 Qf7 22. Qg2 Qh5 23. Rh3 Qf5 24. Rf1 Qd3 25. Ne2 dxc4 26. Nf4 Qe4 27. bxc4
e5 28. Ng6 Qxg2+ 29. Kxg2 Rfe8 30. Rh8+ Kf7 31. Nxe5+ Ke6 32. Rxe8+ Rxe8 33.
Ng6 Kd7 34. Ne5+ Ke6 35. Rb1 Re7 36. Kf3 g5 37. Rg1 Kf5 38. Rf1 Rh7 39. Ke2+
Ke6 40. Kd3 c5 41. Nf3 Rh5 42. d5+ Ke7 43. Rf2 g4 44. Nd2 Rh3 45. a4 b6 46. Ne4
Nxe4 47. Kxe4 g3 48. hxg3 Rxg3 49. a5 Rg4+ 50. Rf4 Rg3 51. axb6 axb6 52. Rf1
Rg4+ 53. Kd3 Rg6 54. Rb1 Kd7 55. Ke4 Rg4+ 56. Kf5 Rxc4 57. Rxb6 Rb4 58. Rc6 c4
59. e4 Ra4 60. e5 Ra5 61. e6+ Ke7 62. Ke5 Ra1 63. Rxc4 Rd1 64. Rd4 Re1+ 65. Kf4
Rf1+ 66. Ke3 Kd6 67. Rf4 Re1+ 68. Kd2 Re5 69. Rd4 Rh5 70. Kc3 Rh1 71. Kb4 Rb1+
72. Ka5 Ra1+ 73. Ra4 Re1 1/2-1/2

[Event "32. Copenhagen Open (Politiken Cup)"]
[Site "Elsinore"]
[Date "2010.08.06"]
[Round "8"]
[White "Halamus, Agata"]
[Black "Sjol, Henrik"]
[Result "1-0"]
[WhiteElo "1996"]
[BlackElo "1849"]
[PlyCount "119"]
[EventDate "2010.07.31"]
[EventType "swiss"]
[EventRounds "10"]
[EventCountry "DEN"]
[Source "ChessBase"]
[SourceDate "2010.09.01"]

1. e4 c6 2. d4 d5 3. Nc3 dxe4 4. Nxe4 Bf5 5. Ng3 Bg6 6. Nf3 Nd7 7. h4 h6 8. h5
Bh7 9. Bd3 Bxd3 10. Qxd3 e6 11. Bf4 Qa5+ 12. Bd2 Qc7 13. O-O-O O-O-O 14. Ne4
Ngf6 15. g3 Nxe4 16. Qxe4 Nf6 17. Qe2 Bd6 18. Kb1 c5 19. Rh4 Kb8 20. dxc5 Bxc5
21. Rc4 Qb6 22. Ne5 Rhf8 23. Bf4 Rxd1+ 24. Qxd1 Ka8 25. Nxf7 Nd5 26. Ne5 Rd8
27. Nd3 Nxf4 28. gxf4 Bxf2 29. Qf3 Bh4 30. a3 Bf6 31. Rb4 Qc6 32. Qxc6 bxc6 33.
Re4 Rd5 34. Rxe6 Kb7 35. Ne5 Bxe5 36. fxe5 Rd1+ 37. Ka2 Rg1 38. b4 Rg5 39. Re7+
Kb8 40. e6 Rxh5 41. Rxg7 Re5 42. e7 Kc8 43. e8=Q+ Rxe8 44. Rxa7 Re3 45. Rh7 Rh3
46. Kb2 h5 47. c3 Rh1 48. Kb3 h4 49. a4 h3 50. Kc4 h2 51. a5 Kb8 52. Kc5 Rc1
53. Rxh2 Rxc3+ 54. Kb6 Kc8 55. Rh6 c5 56. Rc6+ Kb8 57. Rxc5 Rh3 58. b5 Rh8 59.
a6 Rg8 60. Rc6 1-0

[Event "32. Copenhagen Open (Politiken Cup)"]
[Site "Elsinore"]
[Date "2010.08.06"]
[Round "8"]
[White "Hansen, Mads"]
[Black "Skovgaard, Peter Nicolai"]
[Result "0-1"]
[WhiteElo "2165"]
[BlackElo "2299"]
[PlyCount "100"]
[EventDate "2010.07.31"]
[EventType "swiss"]
[EventRounds "10"]
[EventCountry "DEN"]
[Source "ChessBase"]
[SourceDate "2010.09.01"]

1. e4 c5 2. Nf3 d6 3. d4 cxd4 4. Nxd4 Nf6 5. Nc3 a6 6. Bg5 e6 7. f4 Nbd7 8. Qf3
Qc7 9. O-O-O b5 10. Bd3 Bb7 11. Rhe1 Qb6 12. Nd5 Qxd4 13. Bxf6 gxf6 14. Bxb5
Qc5 15. Nxf6+ Kd8 16. Nxd7 Qxb5 17. Nxf8 Rxf8 18. Qa3 Ke8 19. Qxd6 Qc6 20. Qa3
Rc8 21. Rd2 Qc5 22. Qh3 Qc4 23. b3 Qc3 24. Qxc3 Rxc3 25. Kb2 Rc8 26. Rd6 Ke7
27. Rb6 Rc7 28. e5 Rd8 29. Re2 Rd1 30. f5 exf5 31. Rh6 Be4 32. Rxa6 Rcd7 33.
Kc3 Rc1 34. Kb2 Rg1 35. g3 Rdd1 36. a4 Rge1 37. Rf2 Rf1 38. Re2 Rfe1 39. Rf2
Rf1 40. Re2 Rb1+ 41. Kc3 Rf3+ 42. Kd2 Ra1 43. Ra7+ Ke6 44. g4 Ra2 45. gxf5+
Bxf5 46. Rc7 Rxb3 47. a5 Rb5 48. Kc3 Raxa5 49. Rc6+ Ke7 50. Rf6 Bg6 0-1

[Event "32. Copenhagen Open (Politiken Cup)"]
[Site "Elsinore"]
[Date "2010.08.06"]
[Round "8"]
[White "Hansen, Morten Moller"]
[Black "Olofsson Dolk, Mattis"]
[Result "0-1"]
[WhiteElo "2154"]
[BlackElo "1949"]
[PlyCount "92"]
[EventDate "2010.07.31"]
[EventType "swiss"]
[EventRounds "10"]
[EventCountry "DEN"]
[Source "ChessBase"]
[SourceDate "2010.09.01"]

1. d4 Nf6 2. c4 g6 3. Nc3 d5 4. cxd5 Nxd5 5. Na4 Bg7 6. e4 Nb6 7. Be3 O-O 8.
Nf3 f5 9. Nxb6 axb6 10. Bc4+ Kh8 11. Qd2 Nc6 12. e5 Na5 13. Qc3 Nxc4 14. Qxc4
Ra5 15. b4 Rd5 16. Bf4 Be6 17. Qc3 c5 18. dxc5 bxc5 19. O-O Qd7 20. a4 Rc8 21.
b5 Rd3 22. Qc1 c4 23. Bh6 Bd5 24. Bxg7+ Kxg7 25. Ne1 Rd4 26. Qc3 Be6 27. a5 Rd1
28. a6 Rxa1 29. Qxa1 Qxb5 30. axb7 Qxb7 31. Nf3 c3 32. Nd4 Qd5 33. Nxe6+ Qxe6
34. f4 Qb6+ 35. Rf2 c2 36. Qc1 Qd4 37. g3 h5 38. Kg2 Qe4+ 39. Kg1 Rc3 40. e6
Re3 41. Qb2+ Kh7 42. Rxc2 Re1+ 43. Kf2 Qh1 44. Re2 Rxe2+ 45. Qxe2 Qxh2+ 46. Kf1
Qxe2+ 0-1

[Event "32. Copenhagen Open (Politiken Cup)"]
[Site "Elsinore"]
[Date "2010.08.06"]
[Round "8"]
[White "Hansen, Sune Berg"]
[Black "Antonsen, Mikkel"]
[Result "0-1"]
[WhiteElo "2595"]
[BlackElo "2463"]
[PlyCount "36"]
[EventDate "2010.07.31"]
[EventType "swiss"]
[EventRounds "10"]
[EventCountry "DEN"]
[Source "ChessBase"]
[SourceDate "2010.09.01"]

1. d4 d5 2. c4 e6 3. Nc3 Be7 4. cxd5 exd5 5. Bf4 c6 6. e3 Bf5 7. g4 Be6 8. h3
Bd6 9. Qf3 Ne7 10. Bd3 Ng6 11. Bxd6 Qxd6 12. h4 Nd7 13. Nge2 Nge5 14. dxe5 Nxe5
15. Qg2 Nxd3+ 16. Kf1 Nxb2 17. Rb1 Nc4 18. Rxb7 O-O 0-1

[Event "32. Copenhagen Open (Politiken Cup)"]
[Site "Elsinore"]
[Date "2010.08.06"]
[Round "8"]
[White "Harstad, Christian"]
[Black "Petersen, Peter Birk"]
[Result "1/2-1/2"]
[WhiteElo "2044"]
[BlackElo "2178"]
[PlyCount "152"]
[EventDate "2010.07.31"]
[EventType "swiss"]
[EventRounds "10"]
[EventCountry "DEN"]
[Source "ChessBase"]
[SourceDate "2010.09.01"]

1. d4 d5 2. c4 c6 3. Nc3 Nf6 4. Nf3 g6 5. cxd5 cxd5 6. Bf4 Nc6 7. e3 Nh5 8. Bg5
h6 9. Bh4 Bg7 10. Bb5 O-O 11. h3 Be6 12. O-O Rc8 13. Rc1 f6 14. g4 g5 15. gxh5
gxh4 16. Nxh4 Bxh3 17. Re1 f5 18. Qf3 Bg4 19. Qxd5+ e6 20. Qxd8 Rcxd8 21. Ng6
Bxh5 22. Nxf8 Kxf8 23. Bxc6 bxc6 24. f4 Bf6 25. Kg2 Bg4 26. Na4 Rc8 27. Nc5 Ke7
28. Rc3 Rg8 29. Ra3 a6 30. Nxa6 Bd1+ 31. Kh2 Bf3 32. Rg1 Rg4 33. Rxg4 fxg4 34.
Nc5 Bh4 35. e4 Bf2 36. Rxf3 gxf3 37. Nd3 Bxd4 38. b3 Kd6 39. Kg3 f2 40. Nxf2
Kc5 41. Nd3+ Kb5 42. Kg4 c5 43. a4+ Ka5 44. Kh5 c4 45. bxc4 Kxa4 46. Kxh6 Kb3
47. c5 Kc4 48. c6 Bb6 49. Ne5+ Kd4 50. Nd7 Bc7 51. f5 exf5 52. exf5 Kd5 53. f6
Kxc6 54. f7 Bd6 55. Nf6 Ba3 56. Kg6 Kc7 57. Ne8+ Kd7 58. Nf6+ Kd8 59. Nd5 Kd7
60. Nf4 Bb4 61. Nd5 Ba3 62. Ne3 Bb4 63. Ng4 Ba3 64. Kf6 Bb2+ 65. Kg6 Ba3 66.
Ne5+ Ke6 67. Nd3 Be7 68. Kg7 Kd7 69. Nf4 Ba3 70. Kg8 Bb4 71. Nd5 Ba3 72. Kg7
Ke6 73. Nf6 Bb4 74. Ne8 Ba3 75. Nc7+ Kd7 76. Nb5 Be7 1/2-1/2

[Event "32. Copenhagen Open (Politiken Cup)"]
[Site "Elsinore"]
[Date "2010.08.06"]
[Round "8"]
[White "Hatzipanteli, Theodora"]
[Black "Pedersen, Carl Aage"]
[Result "0-1"]
[WhiteElo "1572"]
[BlackElo "1776"]
[PlyCount "60"]
[EventDate "2010.07.31"]
[EventType "swiss"]
[EventRounds "10"]
[EventCountry "DEN"]
[Source "ChessBase"]
[SourceDate "2010.09.01"]

1. e4 c5 2. Nf3 d6 3. d4 cxd4 4. Nxd4 Nf6 5. Nc3 g6 6. Be2 Bg7 7. Be3 O-O 8.
O-O a6 9. Kh1 b5 10. a3 Bb7 11. Qd3 Nbd7 12. f3 Rc8 13. Bd1 Ne5 14. Qe2 Nc4 15.
Rb1 Nxe3 16. Qxe3 Qb6 17. Nf5 Qxe3 18. Nxe3 Rc7 19. Rf2 Rfc8 20. Be2 Rc5 21.
Bd3 e6 22. Ne2 Nd7 23. f4 h5 24. c3 Nf6 25. b4 R5c7 26. e5 dxe5 27. fxe5 Nd5
28. Nxd5 Bxd5 29. Rc1 Bxe5 30. Rcf1 f5 0-1

[Event "32. Copenhagen Open (Politiken Cup)"]
[Site "Elsinore"]
[Date "2010.08.06"]
[Round "8"]
[White "Haubro, Martin"]
[Black "Thingstad, Even"]
[Result "1-0"]
[WhiteElo "1991"]
[BlackElo "2142"]
[PlyCount "101"]
[EventDate "2010.07.31"]
[EventType "swiss"]
[EventRounds "10"]
[EventCountry "DEN"]
[Source "ChessBase"]
[SourceDate "2010.09.01"]

1. e4 c6 2. d4 d5 3. f3 dxe4 4. fxe4 e5 5. Nf3 Bg4 6. Bc4 Nd7 7. O-O Ngf6 8. c3
Bd6 9. Bg5 O-O 10. Nbd2 h6 11. Be3 Qc7 12. h3 Bh5 13. Bd3 b5 14. g4 Bg6 15. Nh4
exd4 16. cxd4 Bh2+ 17. Kh1 Qg3 18. Nxg6 Qxh3 19. Ne7+ Kh8 20. Rf3 Bg3+ 21. Kg1
Qh2+ 22. Kf1 Nxg4 23. Nf5 Qh3+ 24. Kg1 Qh2+ 25. Kf1 Qh1+ 26. Bg1 Nh2+ 27. Ke2
Nxf3 28. Nxf3 Qg2+ 29. Ke3 Nf6 30. Bf1 Bf4+ 31. Kxf4 Qg4+ 32. Ke3 Qxe4+ 33. Kd2
Qxf5 34. Bd3 Qd5 35. b3 c5 36. Bxb5 cxd4 37. Bc4 Qe4 38. Bxd4 Rfd8 39. Kc3 Rac8
40. Rc1 Nd5+ 41. Kb2 f6 42. Qh1 Rc6 43. Re1 Qf4 44. Qg2 Rc7 45. a3 Nb6 46. Bd3
Rcd7 47. Re4 Qc7 48. Qg6 Na4+ 49. bxa4 Qb8+ 50. Ka2 f5 51. Re8+ 1-0

[Event "32. Copenhagen Open (Politiken Cup)"]
[Site "Elsinore"]
[Date "2010.08.06"]
[Round "8"]
[White "Haubro, Sigfred"]
[Black "Andersen, Jackie"]
[Result "1/2-1/2"]
[WhiteElo "2166"]
[BlackElo "2276"]
[PlyCount "52"]
[EventDate "2010.07.31"]
[EventType "swiss"]
[EventRounds "10"]
[EventCountry "DEN"]
[Source "ChessBase"]
[SourceDate "2010.09.01"]

1. b3 d5 2. Bb2 c5 3. e3 Nc6 4. d4 Nf6 5. Be2 Bf5 6. Nf3 e6 7. O-O Rc8 8. c4
dxc4 9. Bxc4 a6 10. Nbd2 cxd4 11. Nxd4 Nxd4 12. Bxd4 Ba3 13. Nf3 O-O 14. Bd3
Qd5 15. Bxf5 Qxf5 16. Bxf6 Qxf6 17. Qd7 b5 18. Qb7 e5 19. Qe4 Rfe8 20. Rad1 Qc6
21. Qf5 Qe6 22. Qb1 h6 23. Rd2 Red8 24. Rxd8+ Rxd8 25. h3 Qd5 26. Qc2 Qd6
1/2-1/2

[Event "32. Copenhagen Open (Politiken Cup)"]
[Site "Elsinore"]
[Date "2010.08.06"]
[Round "8"]
[White "Hector, Jonny"]
[Black "Ganguly, Surya Shekhar"]
[Result "0-1"]
[WhiteElo "2584"]
[BlackElo "2655"]
[PlyCount "88"]
[EventDate "2010.07.31"]
[EventType "swiss"]
[EventRounds "10"]
[EventCountry "DEN"]
[Source "ChessBase"]
[SourceDate "2010.09.01"]

1. e4 c5 2. Nf3 d6 3. d4 cxd4 4. Nxd4 Nf6 5. Nc3 a6 6. Bg5 e6 7. f4 Be7 8. Qf3
Qc7 9. O-O-O Nbd7 10. g4 h6 11. Bxf6 Bxf6 12. Kb1 g5 13. fxg5 hxg5 14. h4 Qb6
15. Na4 Qa5 16. b3 gxh4 17. Nb2 Qc5 18. c3 Bg5 19. b4 Qc7 20. Nc4 Ne5 21. Nxe5
dxe5 22. Nb3 b6 23. c4 a5 24. b5 Bb7 25. a4 Qe7 26. c5 bxc5 27. Bc4 O-O 28. Rd3
Rfd8 29. Re1 Rxd3 30. Qxd3 Rd8 31. Qc3 Qd6 32. Kc2 Ba8 33. Qxa5 h3 34. Qc3
Bxe4+ 35. Rxe4 Qd1+ 36. Kb2 h2 37. Be2 h1=Q 38. Bxd1 Qxe4 39. Nxc5 Qe3 40. Bc2
Qxc3+ 41. Kxc3 Rc8 42. Be4 Rxc5+ 43. Kb4 Be7 44. b6 Rd5+ 0-1